<?xml version="1.0" encoding="UTF-8"?>
<record
    xmlns:xsi="http://www.w3.org/2001/XMLSchema-instance"
    xsi:schemaLocation="http://www.loc.gov/MARC21/slim http://www.loc.gov/standards/marcxml/schema/MARC21slim.xsd"
    xmlns="http://www.loc.gov/MARC21/slim">

  <leader>01106nam a2200217 a 4500</leader>
  <controlfield tag="001">000017351</controlfield>
  <controlfield tag="005">20200929165105.0</controlfield>
  <controlfield tag="008">100323s1987    dr      r     001 0 spa d</controlfield>
  <datafield tag="040" ind1=" " ind2=" ">
    <subfield code="a">DO-SdBNP</subfield>
    <subfield code="b">spa</subfield>
    <subfield code="c">BNPHU</subfield>
  </datafield>
  <datafield tag="082" ind1=" " ind2=" ">
    <subfield code="a">289.94</subfield>
    <subfield code="b">D671c, 1987</subfield>
  </datafield>
  <datafield tag="100" ind1="1" ind2=" ">
    <subfield code="a">Dom&#xED;nguez, Roberto</subfield>
    <subfield code="9">38009</subfield>
  </datafield>
  <datafield tag="245" ind1="1" ind2="0">
    <subfield code="a">Cultura pentecostal :</subfield>
    <subfield code="b">renovaci&#xF3;n cat&#xF3;lica carism&#xE1;tica /</subfield>
    <subfield code="c">Roberto Dom&#xED;nguez.</subfield>
  </datafield>
  <datafield tag="250" ind1=" " ind2=" ">
    <subfield code="a">2&#xAA; ed.</subfield>
  </datafield>
  <datafield tag="260" ind1=" " ind2=" ">
    <subfield code="a">Santo Domingo :</subfield>
    <subfield code="b">Taller,</subfield>
    <subfield code="c">1987.</subfield>
  </datafield>
  <datafield tag="300" ind1=" " ind2=" ">
    <subfield code="a">81 p. ;</subfield>
    <subfield code="c">20 cm.</subfield>
  </datafield>
  <datafield tag="505" ind1="0" ind2=" ">
    <subfield code="t">Movimiento Carism&#xE1;tico en la Iglesia Cat&#xF3;lica Romana --</subfield>
    <subfield code="t">La experiencia pentecostal en los Estados Unidos --</subfield>
    <subfield code="t">Reflexiones y teol&#xF3;gicas --</subfield>
    <subfield code="t">Algunas reflexiones personales --</subfield>
    <subfield code="t">Parroquia pentecostalista --</subfield>
    <subfield code="t">Ap&#xF3;stoles con se&#xF1;ales --</subfield>
    <subfield code="t">Incremento de Milagros --</subfield>
    <subfield code="t">Sanidades sorprendentes --</subfield>
    <subfield code="t">Tendencias ecum&#xE9;nicas --</subfield>
    <subfield code="t">Un poco de historia --</subfield>
    <subfield code="t">Algunas suposiciones --</subfield>
    <subfield code="g">Bibliograf&#xED;a --</subfield>
    <subfield code="t">Oraciones y extractos de documentos Concilio Vaticano.</subfield>
  </datafield>
  <datafield tag="590" ind1=" " ind2=" ">
    <subfield code="a">Inventariado, 2018 /VM</subfield>
  </datafield>
  <datafield tag="650" ind1=" " ind2="4">
    <subfield code="a">Iglesia pentecostal</subfield>
    <subfield code="9">1445</subfield>
  </datafield>
  <datafield tag="650" ind1=" " ind2="4">
    <subfield code="a">Movimiento carism&#xE1;tico</subfield>
    <subfield code="9">666</subfield>
  </datafield>
  <datafield tag="910" ind1=" " ind2=" ">
    <subfield code="a">Validado. Control de calidad EMS</subfield>
  </datafield>
  <datafield tag="952" ind1=" " ind2=" ">
    <subfield code="0">0</subfield>
    <subfield code="1">0</subfield>
    <subfield code="7">1</subfield>
    <subfield code="8">PD</subfield>
    <subfield code="a">PD</subfield>
    <subfield code="b">PD</subfield>
    <subfield code="c">HD</subfield>
    <subfield code="d">2010-03-23</subfield>
    <subfield code="i">LF1</subfield>
    <subfield code="l">0</subfield>
    <subfield code="o">289.94 D671c, 1987</subfield>
    <subfield code="p">17351-10</subfield>
    <subfield code="r">2020-06-25</subfield>
    <subfield code="w">2020-06-25</subfield>
    <subfield code="y">LFPD</subfield>
    <subfield code="Z">No se presta</subfield>
  </datafield>
  <datafield tag="952" ind1=" " ind2=" ">
    <subfield code="0">0</subfield>
    <subfield code="1">1</subfield>
    <subfield code="7">1</subfield>
    <subfield code="8">PD</subfield>
    <subfield code="a">PD</subfield>
    <subfield code="b">PD</subfield>
    <subfield code="c">MI</subfield>
    <subfield code="d">2010-03-23</subfield>
    <subfield code="i">LF1</subfield>
    <subfield code="l">0</subfield>
    <subfield code="o">289.94 D671c, 1987</subfield>
    <subfield code="p">17351-20</subfield>
    <subfield code="r">2020-06-25</subfield>
    <subfield code="t">e. 2</subfield>
    <subfield code="w">2020-06-25</subfield>
    <subfield code="y">LFPD</subfield>
    <subfield code="Z">No se presta</subfield>
  </datafield>
  <datafield tag="999" ind1=" " ind2=" ">
    <subfield code="c">16876</subfield>
    <subfield code="d">16876</subfield>
  </datafield>
</record>
